Normal view
MARC view
- Tahir Mansoor Faroodi
Entry Personal Name
001 - CONTROL NUMBER
- control field: 112402
003 - CONTROL NUMBER IDENTIFIER
- control field: NUST
005 - DATE AND TIME OF LATEST TRANSACTION
- control field: 20230517102825.0
008 - FIXED-LENGTH DATA ELEMENTS
- fixed length control field: 230517|| aca||aabn | a|a d
040 ## - CATALOGING SOURCE
- Original cataloging agency: NUST
- Transcribing agency: NUST
100 ## - HEADING--PERSONAL NAME
- Personal name: Tahir Mansoor Faroodi
670 ## - SOURCE DATA FOUND
- Source citation: Work cat.: (NUST): Tahir Mansoor Faroodi, Rajinder Singh Bedi Kay Bay Misal Afsanay, 2008.
